[Event "Championnat de France - Open B"]
[Site "Aix-les-Bains"]
[Date "2007.08.24"]
[Round "10.1"]
[White "Gertosio, Franck"]
[Black "Giry, Jean-Marc"]
[Result "1-0"]
[WhiteElo "1903"]
[BlackElo "2000"]
[PlyCount "49"]
[EventDate "2007.??.??"]

1. e4 b6 2. d4 Bb7 3. Bd3 Nf6 4. Nc3 e6 5. Bg5 Bb4 6. Qe2 h6 7. Bh4 Qc8 8. Nf3
Ba6 9. O-O Bxc3 10. bxc3 Bxd3 11. Qxd3 d6 12. c4 Nbd7 13. e5 dxe5 14. Nxe5 Nxe5
15. dxe5 Nd7 16. Rad1 Nxe5 17. Qg3 Nxc4 18. Qxg7 Rf8 19. Qf6 Qd7 20. Rxd7 Kxd7
21. Rd1+ Nd6 22. Qe7+ Kc6 23. Rd3 Ne4 24. Bg3 Rac8 25. Bxc7 1-0

[Event "Championnat de France - Open B"]
[Site "Aix-les-Bains"]
[Date "2007.08.24"]
[Round "10.2"]
[White "Bollard, Maxime"]
[Black "Le Diouron, Aurelie"]
[Result "1-0"]
[WhiteElo "1949"]
[BlackElo "1995"]
[PlyCount "79"]
[EventDate "2007.??.??"]

1. d4 Nf6 2. c4 e6 3. Nc3 Bb4 4. Qc2 O-O 5. e4 Bxc3+ 6. bxc3 d6 7. Bd3 e5 8.
Nf3 Nbd7 9. O-O h6 10. a4 b6 11. Ba3 Re8 12. Rae1 Bb7 13. Nd2 c5 14. d5 Nf8 15.
Bc1 Ng6 16. g3 Bc8 17. Kh1 Bh3 18. Rg1 Ng4 19. Re2 h5 20. f3 Nh6 21. Nf1 Kh8
22. Rf2 h4 23. Ne3 hxg3 24. hxg3 Qd7 25. Rh2 Kg8 26. g4 Nf4 27. Nf5 Bg2+ 28.
Rhxg2 Nxg2 29. Qxg2 Nxf5 30. gxf5 f6 31. Qh3 Re7 32. Rg4 Qxa4 33. Be3 Qa1+ 34.
Bg1 Qxc3 35. Rh4 Ree8 36. Rh7 Qxd3 37. Qh5 Kf8 38. Qg4 g6 39. Qh3 Qd2 40. Rb7
1-0

[Event "Championnat de France - Open B"]
[Site "Aix-les-Bains"]
[Date "2007.08.24"]
[Round "10.3"]
[White "Roubaud, Alexandre"]
[Black "Chapdelaine, Romain"]
[Result "1-0"]
[WhiteElo "1842"]
[BlackElo "1970"]
[PlyCount "81"]
[EventDate "2007.??.??"]

1. e4 c5 2. Nc3 Nc6 3. f4 e6 4. Nf3 a6 5. a4 b6 6. Bc4 Bb7 7. O-O Nf6 8. d3 Qc7
9. f5 Bd6 10. fxe6 dxe6 11. h3 O-O-O 12. Ne2 h6 13. c3 Nh5 14. Be3 g5 15. d4
Na5 16. Bd3 c4 17. Bc2 f5 18. e5 Be7 19. g4 Ng7 20. Bd2 h5 21. gxf5 exf5 22.
Nxg5 Bxg5 23. Bxg5 Qc6 24. Nf4 Qh1+ 25. Kf2 Qh2+ 26. Ke3 Qg3+ 27. Ke2 Qxg5 28.
Qd2 Qg3 29. Qe3 Qxe3+ 30. Kxe3 Be4 31. Bxe4 fxe4 32. Kxe4 Nb3 33. Rae1 Rhf8 34.
Rg1 Rf7 35. e6 Re7 36. Ke5 Rf8 37. Kd6 Nf5+ 38. Ke5 Na5 39. d5 Nb7 40. Ng6 Nc5
41. Nxf8 1-0

[Event "Championnat de France - Open B"]
[Site "Aix-les-Bains"]
[Date "2007.08.24"]
[Round "10.5"]
[White "Giua, Stephanie"]
[Black "Bosel, Gunter"]
[Result "1-0"]
[WhiteElo "1968"]
[BlackElo "1990"]
[PlyCount "95"]
[EventDate "2007.??.??"]

1. e4 c5 2. Nc3 Nc6 3. g3 g6 4. Bg2 Bg7 5. d3 e6 6. f4 Nge7 7. Nf3 f5 8. O-O
O-O 9. Be3 b6 10. e5 Nd5 11. Nxd5 exd5 12. d4 c4 13. Nd2 Ne7 14. Re1 Qc7 15.
Nb1 Bb7 16. Nc3 Bc6 17. g4 b5 18. gxf5 Rxf5 19. Qg4 b4 20. Nd1 Rff8 21. Bd2 a5
22. Ne3 Rab8 23. Qg5 Qd8 24. c3 Qe8 25. Rf1 Qf7 26. Bh3 Kh8 27. Kh1 Rg8 28. Qh4
Nf5 29. Nxf5 gxf5 30. Rg1 Ba4 31. Rac1 Rb6 32. Rg5 Rh6 33. Qg3 Rh5 34. Qf3 Rxg5
35. fxg5 bxc3 36. Bxc3 Rf8 37. Qf4 Qh5 38. Bg2 Bc2 39. Qg3 f4 40. Qf3 Qxf3 41.
Bxf3 Be4 42. Kg2 d6 43. Re1 dxe5 44. dxe5 Rf5 45. Bxe4 dxe4 46. Rxe4 f3+ 47.
Kf2 h6 48. gxh6 1-0

[Event "Championnat de France - Open B"]
[Site "Aix-les-Bains"]
[Date "2007.08.24"]
[Round "10.6"]
[White "Divine, Armand"]
[Black "Millon, Valentin"]
[Result "0-1"]
[WhiteElo "1904"]
[BlackElo "1938"]
[PlyCount "88"]
[EventDate "2007.??.??"]

1. e4 c5 2. Nf3 e6 3. d4 cxd4 4. Nxd4 Nc6 5. Nc3 Qc7 6. Be2 a6 7. O-O Nf6 8.
Be3 Bb4 9. f3 Bxc3 10. bxc3 d5 11. Nxc6 bxc6 12. Bc5 Nd7 13. Ba3 Nb6 14. Qd4 e5
15. Qc5 Na4 16. Qb4 Qb6+ 17. Qxb6 Nxb6 18. Bd6 f6 19. f4 exf4 20. Rxf4 Kf7 21.
exd5 Nxd5 22. Bc4 Rd8 23. Bxd5+ cxd5 24. Bc5 Bd7 25. Rb4 Bf5 26. Re1 Kg6 27.
Re3 Rab8 28. Rg3+ Kf7 29. Ra4 Rdc8 30. Bd4 Rc6 31. Ra5 Be4 32. Re3 Rb2 33. Re2
g5 34. h4 h6 35. hxg5 hxg5 36. c4 Rb1+ 37. Kh2 Rxc4 38. c3 Rc6 39. Rf2 f5 40.
a3 f4 41. Kh3 Bf5+ 42. g4 Rh1+ 43. Kg2 Be4+ 44. Rf3 Rch6 0-1

[Event "Championnat de France - Open B"]
[Site "Aix-les-Bains"]
[Date "2007.08.24"]
[Round "10.7"]
[White "Martin, Bruno"]
[Black "Potaux, Olivier"]
[Result "1/2-1/2"]
[WhiteElo "1999"]
[BlackElo "1913"]
[PlyCount "39"]
[EventDate "2007.??.??"]

1. d4 Nf6 2. c4 e6 3. Nc3 Bb4 4. f3 Nc6 5. a3 Bxc3+ 6. bxc3 Qe7 7. e4 e5 8. Be3
d6 9. Bd3 O-O 10. Ne2 Ne8 11. Nc1 exd4 12. cxd4 f5 13. O-O fxe4 14. fxe4 Rxf1+
15. Qxf1 Nf6 16. Qf4 Bg4 17. Nb3 Bh5 18. Nd2 Bg6 19. Re1 Rf8 20. Qh4 1/2-1/2

[Event "Championnat de France - Open B"]
[Site "Aix-les-Bains"]
[Date "2007.08.24"]
[Round "10.8"]
[White "Fageot, Julien"]
[Black "Casier, Remi"]
[Result "0-1"]
[WhiteElo "1985"]
[BlackElo "1895"]
[PlyCount "52"]
[EventDate "2007.??.??"]

1. d4 Nf6 2. c4 g6 3. Nc3 Bg7 4. e4 d6 5. f3 O-O 6. Bd3 e5 7. d5 c6 8. Be3 cxd5
9. cxd5 Nbd7 10. b4 Nh5 11. Qd2 Nf4 12. g3 Nxd3+ 13. Qxd3 f5 14. Nge2 Nf6 15.
h3 Bd7 16. a4 f4 17. gxf4 Nh5 18. Kd2 exf4 19. Bd4 Ng3 20. Bxg7 Kxg7 21. Qd4+
Qf6 22. Qxf6+ Rxf6 23. Rh2 Rc8 24. Rc1 Rc4 25. Na2 Rxc1 26. Nexc1 Nf1+ 0-1

[Event "Championnat de France - Open B"]
[Site "Aix-les-Bains"]
[Date "2007.08.24"]
[Round "10.9"]
[White "Castro, John"]
[Black "Constantin, Francois"]
[Result "1-0"]
[WhiteElo "1901"]
[BlackElo "1984"]
[PlyCount "73"]
[EventDate "2007.??.??"]

1. e4 Nc6 2. Nf3 d6 3. d4 Nf6 4. Nc3 Bg4 5. Bb5 a6 6. Be2 e5 7. Be3 Be7 8. Qd2
Bh5 9. Qd1 Bg6 10. d5 Nb8 11. Nd2 Nfd7 12. Bh5 Bg5 13. Bxg6 hxg6 14. Qf3 Bxe3
15. Qxe3 Nf6 16. O-O-O Nbd7 17. Nc4 Nc5 18. a3 Qe7 19. h3 Kd7 20. b4 b5 21. Na5
Na4 22. Nxa4 bxa4 23. Qc3 Qd8 24. Rhe1 g5 25. Rd3 Qb8 26. Rg3 g4 27. hxg4 Qb6
28. Rf3 Raf8 29. g5 Nh5 30. Nc4 Qb5 31. g3 Ke7 32. g4 Nf4 33. Nxe5 Ne2+ 34.
Rxe2 dxe5 35. Qxc7+ Ke8 36. Qc8+ Ke7 37. d6+ 1-0

[Event "Championnat de France - Open B"]
[Site "Aix-les-Bains"]
[Date "2007.08.24"]
[Round "10.10"]
[White "Peyre, Thomas"]
[Black "Chasez, Fabien"]
[Result "0-1"]
[WhiteElo "1855"]
[BlackElo "1972"]
[PlyCount "88"]
[EventDate "2007.??.??"]

1. e4 c5 2. Nf3 d6 3. d4 cxd4 4. Nxd4 Nf6 5. Nc3 a6 6. Be2 e5 7. Nf3 Be6 8. O-O
Be7 9. h3 h6 10. Be3 Nbd7 11. Qd2 O-O 12. Rad1 Rc8 13. Bd3 b5 14. a4 b4 15. Ne2
a5 16. Ng3 Nc5 17. Rfe1 Nxa4 18. Qc1 Nc5 19. Bxc5 Rxc5 20. Qe3 Qc7 21. Nd2 a4
22. Ra1 Qc6 23. b3 a3 24. Nc4 Rd8 25. Red1 Bf8 26. Qe1 Rb8 27. Qd2 g6 28. Qe1
h5 29. h4 Ne8 30. f3 Bh6 31. Kh1 Qc7 32. Ne2 Qe7 33. g3 Bg7 34. Kh2 d5 35. Ne3
dxe4 36. fxe4 Nd6 37. Qh1 Bh6 38. Nd5 Bxd5 39. exd5 e4 40. Bc4 Nxc4 41. bxc4
Rxc4 42. Nd4 Bg7 43. Nc6 Rxc2+ 44. Kg1 Qc5+ 0-1

[Event "Championnat de France - Open B"]
[Site "Aix-les-Bains"]
[Date "2007.08.25"]
[Round "11.1"]
[White "Bollard, Maxime"]
[Black "Gertosio, Franck"]
[Result "1-0"]
[WhiteElo "1949"]
[BlackElo "1903"]
[PlyCount "63"]
[EventDate "2007.??.??"]

1. d4 Nf6 2. c4 c5 3. d5 e6 4. Nc3 exd5 5. cxd5 d6 6. e4 g6 7. Nge2 Bg7 8. Ng3
O-O 9. Be2 Na6 10. O-O Nc7 11. a4 Rb8 12. f4 b6 13. Bf3 Bb7 14. Re1 Qd7 15. e5
dxe5 16. d6 Bxf3 17. Qxf3 Ne6 18. fxe5 Nd4 19. Qd1 Ng4 20. e6 fxe6 21. Qxg4 Nc2
22. Bf4 Nxa1 23. Rxa1 Bd4+ 24. Kh1 Qf7 25. Nce2 e5 26. Bh6 Rfd8 27. Rf1 Qd5 28.
Ne4 Kh8 29. Qg5 Qe6 30. Qe7 Qxe7 31. dxe7 Rg8 32. Rf7 1-0

[Event "Championnat de France - Open B"]
[Site "Aix-les-Bains"]
[Date "2007.08.25"]
[Round "11.2"]
[White "Millon, Valentin"]
[Black "Roubaud, Alexandre"]
[Result "1-0"]
[WhiteElo "1938"]
[BlackElo "1842"]
[PlyCount "83"]
[EventDate "2007.??.??"]

1. e4 e5 2. Nf3 Nc6 3. Bc4 Bc5 4. O-O Nf6 5. d3 d6 6. c3 Bg4 7. h3 Bh5 8. Nbd2
Bb6 9. Re1 Ne7 10. Nf1 h6 11. Ng3 Bxf3 12. Qxf3 Qd7 13. Nh5 O-O-O 14. Nxg7 Ne8
15. Nh5 f5 16. d4 f4 17. a4 a6 18. Rd1 Ng6 19. Qg4 Qxg4 20. hxg4 c6 21. a5 Bc7
22. Be6+ Kb8 23. f3 Rf8 24. b3 Ka8 25. c4 Kb8 26. Kf2 Ka7 27. d5 c5 28. Bd2 b6
29. axb6+ Bxb6 30. g3 Rb8 31. Bf5 Ne7 32. gxf4 Nxf5 33. exf5 Bd8 34. Ra3 Bh4+
35. Ng3 e4 36. Rh1 Bxg3+ 37. Kxg3 Nf6 38. Rxh6 Rbe8 39. Bc3 Ng8 40. Rh7+ Re7
41. Rxe7+ Nxe7 42. Ra1 1-0

[Event "Championnat de France - Open B"]
[Site "Aix-les-Bains"]
[Date "2007.08.25"]
[Round "11.3"]
[White "Di Nicolantonio, Lucas"]
[Black "Giua, Stephanie"]
[Result "1/2-1/2"]
[WhiteElo "1848"]
[BlackElo "1968"]
[PlyCount "90"]
[EventDate "2007.??.??"]

1. e4 c5 2. Nf3 e6 3. d4 cxd4 4. Nxd4 Nf6 5. Nc3 d6 6. Be2 a6 7. Be3 Qc7 8. a4
b6 9. f4 Bb7 10. Bf3 Nbd7 11. Nb3 Be7 12. O-O O-O 13. g4 Nc5 14. Nxc5 dxc5 15.
g5 Nd7 16. Qe1 Rfd8 17. Qh4 c4 18. f5 Bc5 19. Bxc5 Qxc5+ 20. Kh1 exf5 21. exf5
Bxf3+ 22. Rxf3 f6 23. Rg1 fxg5 24. Qxg5 Qe5 25. Rfg3 Kf8 26. Qxg7+ Qxg7 27.
Rxg7 Nf6 28. Rb7 Rab8 29. Rgg7 Rxb7 30. Rxb7 Rd6 31. Rc7 Rd4 32. Rc6 Nd7 33. a5
b5 34. Rxa6 b4 35. Na2 Rd1+ 36. Kg2 Rd2+ 37. Kg3 Rxc2 38. Nxb4 Rxb2 39. Nd5 Rb5
40. Rd6 Nc5 41. Kf4 Rxa5 42. Ke5 Ra2 43. Rc6 Re2+ 44. Kd4 Nd7 45. Rxc4 Rxh2
1/2-1/2

[Event "Championnat de France - Open B"]
[Site "Aix-les-Bains"]
[Date "2007.08.25"]
[Round "11.4"]
[White "Le Diouron, Aurelie"]
[Black "Bekhouche, Christophe"]
[Result "1-0"]
[WhiteElo "1995"]
[BlackElo "1954"]
[PlyCount "87"]
[EventDate "2007.??.??"]

1. e4 c5 2. Nf3 e6 3. d4 cxd4 4. Nxd4 a6 5. Nc3 Qc7 6. Bd3 Nf6 7. O-O Nc6 8.
Be3 b5 9. Kh1 Bb7 10. a3 Rd8 11. f4 d5 12. e5 Nd7 13. Qg4 Nc5 14. Nxc6 Qxc6 15.
Bxc5 Qxc5 16. f5 Bc8 17. Rae1 h5 18. Qg5 Qe7 19. f6 gxf6 20. Rxf6 Bh6 21. Qg3
Kd7 22. Ref1 Rdf8 23. R1f3 Bb7 24. Qf2 Kc8 25. Rxf7 Rxf7 26. Rxf7 Rf8 27. Rxe7
Rxf2 28. Kg1 Rd2 29. Rxe6 Be3+ 30. Kf1 Rf2+ 31. Ke1 Rxg2 32. Bf5 Rxh2 33. Rd6+
Kc7 34. Nxd5+ Bxd5 35. Rxd5 h4 36. e6 Bg5 37. Rd7+ Kc6 38. e7 Rh1+ 39. Ke2 Rh2+
40. Kf3 Bxe7 41. Rxe7 a5 42. Kg4 b4 43. axb4 axb4 44. b3 1-0

[Event "Championnat de France - Open B"]
[Site "Aix-les-Bains"]
[Date "2007.08.25"]
[Round "11.5"]
[White "Giry, Jean-Marc"]
[Black "Castro, John"]
[Result "0-1"]
[WhiteElo "2000"]
[BlackElo "1901"]
[PlyCount "44"]
[EventDate "2007.??.??"]

1. c4 Nf6 2. g3 c5 3. Bg2 d5 4. cxd5 Nxd5 5. Nc3 Nc7 6. Nf3 Nc6 7. O-O e5 8.
Ne1 Bd7 9. Nd3 Be7 10. Bxc6 bxc6 11. Nxe5 Bh3 12. Re1 Qd6 13. Nf3 Ne6 14. Ne4
Qd7 15. d3 h5 16. Nfg5 Bxg5 17. Bxg5 f5 18. Nxc5 Nxc5 19. e4 O-O 20. Be3 Nxd3
21. Qb3+ Rf7 22. Rad1 fxe4 0-1

[Event "Championnat de France - Open B"]
[Site "Aix-les-Bains"]
[Date "2007.08.25"]
[Round "11.6"]
[White "Casier, Remi"]
[Black "Chasez, Fabien"]
[Result "1-0"]
[WhiteElo "1895"]
[BlackElo "1972"]
[PlyCount "103"]
[EventDate "2007.??.??"]

1. e4 e6 2. d4 d5 3. Nd2 dxe4 4. Nxe4 Bd7 5. Nf3 Bc6 6. Bd3 Nd7 7. O-O Ngf6 8.
Bg5 Be7 9. Nxf6+ Nxf6 10. c3 Bxf3 11. Qxf3 c6 12. Rfe1 O-O 13. Re5 h6 14. Bxf6
Bxf6 15. Rh5 Bg5 16. Qe4 g6 17. f4 Qd5 18. Qe2 gxh5 19. fxg5 Qxg5 20. Rf1 Rae8
21. Rf3 h4 22. g3 Kh8 23. Kh1 e5 24. gxh4 exd4 25. hxg5 Rxe2 26. Bxe2 dxc3 27.
bxc3 hxg5 28. Re3 Kg7 29. Re7 Rb8 30. Bc4 Kf6 31. Rxf7+ Ke5 32. Re7+ Kd6 33.
Rg7 b5 34. Bb3 a5 35. Rxg5 Re8 36. Kg1 Re1+ 37. Kf2 Rc1 38. Rg3 a4 39. Bf7 Rc2+
40. Kg1 c5 41. h4 Rc1+ 42. Kg2 Rc2+ 43. Kh3 Rf2 44. Bg8 c4 45. h5 Rxa2 46. h6
Ra1 47. h7 a3 48. Rg2 Rh1+ 49. Kg3 Rh6 50. Ra2 Ke7 51. Rxa3 Kf8 52. Ra7 1-0

[Event "Championnat de France - Open B"]
[Site "Aix-les-Bains"]
[Date "2007.08.25"]
[Round "11.7"]
[White "Chapdelaine, Romain"]
[Black "Ollier, Milan"]
[Result "1/2-1/2"]
[WhiteElo "1970"]
[BlackElo "1801"]
[PlyCount "105"]
[EventDate "2007.??.??"]

1. d4 d5 2. c4 Bf5 3. e3 e6 4. Bd3 Bxd3 5. Qxd3 c6 6. Ne2 Nf6 7. Nbc3 Nbd7 8.
e4 dxc4 9. Qxc4 Nb6 10. Qb3 Qd7 11. Bf4 Be7 12. O-O O-O 13. a4 Rfd8 14. a5 Nc8
15. Rfd1 h6 16. Rac1 Bf8 17. d5 exd5 18. exd5 cxd5 19. Nb5 Nd6 20. Nc7 Rac8 21.
Nxd5 Nxd5 22. Qxd5 Rxc1 23. Bxc1 Be7 24. Qh5 Qf5 25. Qxf5 Nxf5 26. Rxd8+ Bxd8
27. b4 a6 28. g4 Ne7 29. Nd4 Nc6 30. Nxc6 bxc6 31. f4 Be7 32. Bd2 f6 33. f5 Kf7
34. Kf2 Ke8 35. Ke3 Bd6 36. h3 Kf7 37. Kd4 Ke8 38. Kc4 Be7 39. Be3 Bd6 40. Bf2
Bb8 41. Bd4 Bd6 42. Bc5 Bg3 43. Bd4 Bd6 44. Be3 Bb8 45. Bc1 Bd6 46. Bd2 Bf8 47.
h4 Be7 48. Be3 Bd6 49. Bf2 Bb8 50. Be1 Bd6 51. Bd2 Be7 52. Bf4 Bf8 53. Be3
1/2-1/2

[Event "Championnat de France - Open B"]
[Site "Aix-les-Bains"]
[Date "2007.08.25"]
[Round "11.8"]
[White "Billon, Olivier"]
[Black "Charbonnel, Jean-Jacques"]
[Result "1-0"]
[WhiteElo "1871"]
[BlackElo "1938"]
[PlyCount "55"]
[EventDate "2007.??.??"]

1. e4 c5 2. Nf3 Nc6 3. d4 cxd4 4. Nxd4 g6 5. Be3 Bg7 6. Nc3 Nf6 7. f3 O-O 8.
Bc4 Qb6 9. Bb3 Nxe4 10. fxe4 Bxd4 11. Bxd4 Qxd4 12. Qf3 e6 13. h4 f5 14. Rf1 b6
15. Rd1 Qe5 16. Qf2 d5 17. Nxd5 Ba6 18. Rh1 Qxe4+ 19. Qe3 Qxe3+ 20. Nxe3 Kg7
21. Rd6 Nd8 22. Kf2 Kf6 23. Re1 Re8 24. Nd5+ Kg7 25. Rd7+ Nf7 26. Nc7 Bc8 27.
Nxe8+ Kf8 28. Nc7 1-0

[Event "Championnat de France - Open B"]
[Site "Aix-les-Bains"]
[Date "2007.08.25"]
[Round "11.9"]
[White "Lamard, Guillaume"]
[Black "Martin, Bruno"]
[Result "1-0"]
[WhiteElo "1902"]
[BlackElo "1999"]
[PlyCount "59"]
[EventDate "2007.??.??"]

1. d4 d5 2. Nf3 Nf6 3. c4 g6 4. Nc3 Bg7 5. Qb3 dxc4 6. Qxc4 O-O 7. e4 Nc6 8.
Be3 Ng4 9. Be2 Nxe3 10. fxe3 Na5 11. Qa4 b6 12. b4 Nb7 13. Qc6 Qd6 14. Qxd6
cxd6 15. Nd5 e6 16. Ne7+ Kh8 17. Nxc8 Rfxc8 18. Ba6 Rab8 19. Kd2 b5 20. Rac1
Rc4 21. Rxc4 bxc4 22. Bxc4 Nd8 23. a3 Bf8 24. Rb1 a5 25. d5 axb4 26. Rxb4 Ra8
27. a4 f5 28. exf5 gxf5 29. Nd4 Kg7 30. dxe6 1-0

[Event "Championnat de France - Open B"]
[Site "Aix-les-Bains"]
[Date "2007.08.25"]
[Round "11.10"]
[White "Bosel, Gunter"]
[Black "Meunier, Samuel"]
[Result "0-1"]
[WhiteElo "1990"]
[BlackElo "1900"]
[PlyCount "88"]
[EventDate "2007.??.??"]

1. c4 Nf6 2. Nc3 e6 3. g3 Be7 4. Bg2 d5 5. cxd5 exd5 6. d4 O-O 7. Bg5 Be6 8. e3
Nbd7 9. Nge2 h6 10. Bxf6 Nxf6 11. Nf4 c6 12. Nxe6 fxe6 13. O-O Qd6 14. Qc2 e5
15. f4 exd4 16. exd4 Ng4 17. Qd3 h5 18. Rae1 Bf6 19. Bh3 Nh6 20. Re6 Qb4 21.
Ne2 Rf7 22. b3 a5 23. a4 Rc7 24. Rxf6 gxf6 25. Qg6+ Rg7 26. Qxh6 Re8 27. Rf2
Qxb3 28. Qxf6 Qe3 29. Qh6 c5 30. Qxh5 Rd8 31. Qe5 Re7 32. Qxe3 Rxe3 33. dxc5 d4
34. Bg4 Ra3 35. Rf1 Rxa4 36. Rd1 Kf7 37. Bf3 Rc4 38. Bxb7 d3 39. Nc1 d2 40. Nb3
a4 41. Nxd2 Rc2 42. c6 a3 43. Kf1 a2 44. Ke1 Rdxd2 0-1